|
|
|
|
| LEADER |
00000ny a22000003n 4500 |
| 005 |
20110609141329.0 |
| 008 |
021127s2007 sp 001 0 spa c |
| 020 |
|
|
|a 9788484940340
|
| 035 |
|
|
|a 1665
|
| 040 |
|
|
|a SpMaUCDE
|d vLex
|
| 080 |
|
|
|a 336.226.1(460)
|
| 090 |
|
|
|c 620
|d 620
|
| 100 |
1 |
|
|a Vicente Arche Coloma, Paula
|
| 245 |
1 |
4 |
|a Los acuerdos previos de valoracin̤ en el impuesto sobre la renta de las personas fs̕icas
|h [Recurso electrn̤ico]
|c Paula Vicente-Arche Coloma
|
| 256 |
|
|
|a Servicio en ln̕ea
|
| 260 |
|
|
|a Madrid :
|b EDERSA,
|c 2007
|
| 300 |
|
|
|a p. ;
|c cm
|
| 506 |
1 |
|
|a Contenido solo disponible en los productos indicados
|d vLex Global
|d vLex Global (Academic Edition, excluding Law Schools)
|d vLex Global (U.S. Academic Edition, Law Schools)
|d vLex Global (U.S. Academic Edition, excluding Law Schools)
|d vLex Global (Academic Edition, Law Schools)
|
| 650 |
0 |
7 |
|a Tributario
|2 Tesauro vLex
|
| 650 |
0 |
7 |
|a Impuesto sobre la renta de las personas
|2 Tesauro vLex
|
| 650 |
0 |
7 |
|a Derecho tributario
|2 Tesauro vLex
|
| 650 |
0 |
7 |
|a Impuesto sobre las rentas de capital
|2 Tesauro vLex
|
| 740 |
0 |
|
|a vLex Libros (Servicios en ln̕ea)
|
| 856 |
4 |
0 |
|u http://vlex.com/source/1665
|z Acceso restringido
|
| 942 |
|
|
|c BOOK
|
| 999 |
0 |
|
|a Taxation
|b Madrid
|